[Event "18th TCh-CRO"]
[Site "Sibenik CRO"]
[Date "2009.09.26"]
[Round "6"]
[White "Rogic,D"]
[Black "Rukavina,J"]
[Result "1-0"]
[WhiteElo "2542"]
[BlackElo "2435"]

1.e4 d5 2.exd5 Qxd5 3.Nc3 Qd6 4.d4 c6 5.Nf3 Nf6 6.g3 Bg4 7.Bg2 e6 8.h3 Bxf3
9.Bxf3 Qc7 10.O-O Bd6 11.Ne4 Nxe4 12.Bxe4 Nd7 13.c4 Nf6 14.Bg2 O-O 15.Be3 Rfd8
16.Qc2 e5 17.Rad1 exd4 18.Rxd4 Be5 19.Rdd1 Nd7 20.Rd2 Nf8 21.Rfd1 Ne6 22.Rxd8+ Rxd8
23.Rxd8+ Qxd8 24.b4 Bd4 25.Bd2 g6 26.a4 Qc7 27.Qd3 Qd8 28.Kf1 Qf6 29.Be1 Nf8
30.a5 a6 31.b5 cxb5 32.cxb5 Nd7 33.Bxb7 axb5 34.Qxb5 Ne5 35.Kg2 g5 36.Qe2 h5
37.Bd2 g4 38.hxg4 Nxg4 39.Be1 Qg5 40.Bf3 Qf5 41.Qe4 Qd7 42.Qd5 Qa4 43.Qxh5  1-0

[Event "Highlands Open"]
[Site "Zdar nad Sazavou CZE"]
[Date "2009.09.26"]
[Round "1"]
[White "Endler,B"]
[Black "Karhanek,P"]
[Result "1-0"]
[WhiteElo "1897"]
[BlackElo "2212"]

1.e4 d5 2.exd5 Qxd5 3.Nc3 Qd6 4.d4 Nf6 5.Nf3 a6 6.Be2 Bf5 7.Ne5 Nc6 8.Nxc6 Qxc6
9.O-O O-O-O 10.Be3 e6 11.Bf3 Qd7 12.a3 h6 13.b4 g5 14.b5 a5 15.Qb1 g4 16.Be2 Nd5
17.Nxd5 Qxd5 18.Qb2 Be4 19.c4 Qh5 20.Bf4 Bg7 21.Rfd1 b6 22.c5 Qd5 23.cxb6 Bxd4
24.Qc1 c5 25.bxc6  1-0

[Event "1st Francophone Festival"]
[Site "Arvier ITA"]
[Date "2009.09.27"]
[Round "1"]
[White "Durandeau,J"]
[Black "Sanchez,Joseph"]
[Result "0-1"]
[WhiteElo "2015"]
[BlackElo "2463"]

1.e4 d5 2.exd5 Qxd5 3.Nc3 Qd6 4.d4 Nf6 5.Nf3 Bg4 6.g3 c6 7.Bg2 Nbd7 8.O-O e6
9.h3 Bh5 10.Bf4 Qb4 11.a3 Qb6 12.Qd3 Be7 13.b4 O-O 14.Na4 Qd8 15.c4 a5 16.Qb3 h6
17.b5 c5 18.d5 exd5 19.cxd5 Re8 20.b6 Qc8 21.Bc7 Bf8 22.Rfe1 Bg6 23.Nd2 Rxe1+
24.Rxe1 Ne8 25.d6 Nxd6 26.Qd5 Nf6 27.Qxc5 Nde4 28.Qe3 Nxd2 29.Qxd2 Bxa3 30.Qd4 Bb4
31.Rd1 Bc2 32.Qd8+ Qxd8 33.Rxd8+ Rxd8 34.Bxd8 Bxa4 35.Bxb7 Bb5 36.Bc8 a4
37.Bc7 Nd7 38.b7 Bc6 39.b8=Q Nxb8  0-1

[Event "TCh-ROU w Superliga"]
[Site "Eforie Nord ROU"]
[Date "2009.09.27"]
[Round "9"]
[White "Uta,Ad"]
[Black "Chirita,A"]
[Result "1-0"]
[WhiteElo "2031"]
[BlackElo "2037"]

1.e4 d5 2.exd5 Qxd5 3.Nc3 Qd8 4.d4 Nf6 5.Nf3 Bg4 6.h3 Bxf3 7.Qxf3 c6 8.Qd3 e6
9.Be3 Nbd7 10.O-O-O Qa5 11.Kb1 O-O-O 12.g4 Nd5 13.Nxd5 Qxd5 14.Rg1 Nb6 15.c4 Qa5
16.Qb3 Be7 17.Bg2 Qa6 18.Rc1 Bf6 19.d5 Na4 20.Rc2 Rd7 21.g5 Be5 22.f4 Bc7
23.dxe6 fxe6 24.c5 Qd3 25.Re1 Ba5 26.Qxd3 Rxd3 27.Be4 Bxe1 28.Bxd3 h6 29.Rc4 b5
30.cxb6 Nxb6 31.Rxc6+ Kd7 32.Bb5 Ke7 33.Rc7+ Kd6 34.Rxa7 hxg5 35.Bxb6 gxf4
36.Rxg7 Rxh3 37.Rd7+ Ke5 38.Bc7+ Ke4 39.Bc6+ Ke3 40.Bb6+ Ke2 41.Bb5+ Kf3
42.a4 Rh5 43.Re7 e5 44.Bc7 Ke4 45.Bc6+ Kd4 46.a5 Bb4 47.Re6 Rf5 48.Bb6+ Bc5
49.Bxc5+ Kxc5 50.Bf3 Kb5 51.a6 Rf7 52.Bb7 f3 53.a7  1-0

[Event "1st Francophone Festival"]
[Site "Arvier ITA"]
[Date "2009.09.28"]
[Round "3"]
[White "Berend,F"]
[Black "Fernandez Lopez,Jo"]
[Result "1-0"]
[WhiteElo "2371"]
[BlackElo "2080"]

1.e4 d5 2.exd5 Qxd5 3.Nc3 Qd6 4.d4 Nf6 5.g3 Bg4 6.f3 Bf5 7.Nge2 Nc6 8.d5 Nb4
9.Nd4 Qe5+ 10.Kf2 Nbxd5 11.Bb5+ Bd7 12.Bxd7+ Nxd7 13.Re1 Nxc3 14.bxc3 Qa5
15.Rb1 O-O-O 16.Qd3 e6 17.Bf4 Nc5 18.Qc4 Bd6 19.Rb5 Qa3 20.Bc1 Qa6 21.Rxc5 Bxc5
22.Qxc5 Qxa2 23.Bf4 Rd7 24.Re2 Rhd8 25.Nb5 Qd5 26.Qxa7 b6 27.Qa4 g5 28.Bxg5  1-0

[Event "18th TCh-CRO"]
[Site "Sibenik CRO"]
[Date "2009.09.28"]
[Round "8"]
[White "Bologan,V"]
[Black "Tiviakov,S"]
[Result "1-0"]
[WhiteElo "2688"]
[BlackElo "2670"]

1.e4 d5 2.exd5 Qxd5 3.Nc3 Qd6 4.d4 c6 5.Ne4 Qe6 6.Qe2 Nf6 7.f3 g6 8.g3 Nxe4
9.fxe4 Bg7 10.Bh3 f5 11.Nf3 O-O 12.Ng5 Qd6 13.c3 h6 14.Bf4 Qd7 15.Nf3 Qe6
16.Ne5 Nd7 17.exf5 gxf5 18.O-O Nxe5 19.dxe5 Qg6 20.c4 Be6 21.Bg2 Rfd8 22.b3 Rd7
23.Bf3 Bf7 24.Rad1 Rad8 25.Rxd7 Rxd7 26.h4 Qe6 27.h5 Rd8 28.Re1 Be8 29.a4 Qd7
30.Qe3 a6 31.Kf2 Kh7 32.Be2 Qd4 33.Qxd4 Rxd4 34.e6 Re4 35.Bf3 Bd4+ 36.Kf1 Rxe1+
37.Kxe1 b5 38.cxb5 cxb5 39.a5 b4 40.Be2 Kg7 41.Bxa6 Bxh5 42.Bb7 Kf6 43.a6 Kxe6
44.Kd2 Kd7 45.Bb8 Bf7 46.Kc2 h5 47.a7 Bxa7 48.Bxa7 Kd6 49.Bf3 e5 50.Be3 Bg6
51.Kc1 h4 52.gxh4 f4 53.Bd2 Kc5 54.h5 Bh7 55.Bg4 Kd4 56.Bxb4 e4 57.Kd2  1-0

[Event "18th TCh-CRO"]
[Site "Sibenik CRO"]
[Date "2009.09.28"]
[Round "8"]
[White "Fercec,N"]
[Black "Sermek,D"]
[Result "1/2-1/2"]
[WhiteElo "2463"]
[BlackElo "2530"]

1.e4 d5 2.exd5 Qxd5 3.Nc3 Qd6 4.d4 Nf6 5.Nf3 a6 6.g3 b5 7.Bg2 Bb7 8.O-O e6
9.Bf4 Qb6 10.a4 c6 11.Ne5 Be7 12.Ne4 O-O 13.Bg5 Nxe4 14.Bxe7 Re8 15.Bxe4 Rxe7
16.Qh5 h6 17.Qh4 Kf8 18.Qf4 Kg8 19.Qh4 Kf8 20.Qf4 Kg8 21.Qh4  1/2-1/2

[Event "IMA"]
[Site "Zdar nad Sazavou CZE"]
[Date "2009.09.28"]
[Round "3"]
[White "Vojta,T"]
[Black "Heinzel,O"]
[Result "1/2-1/2"]
[WhiteElo "2374"]
[BlackElo "2342"]

1.e4 d5 2.exd5 Qxd5 3.Nc3 Qd6 4.d4 c6 5.Nge2 Bg4 6.f3 Bf5 7.Ng3 Bg6 8.Bc4 e6
9.Bb3 Nf6 10.O-O Nbd7 11.Nce4 Qc7 12.Qe2 Be7 13.Kh1 O-O 14.c3 c5 15.Be3 a6
16.Rad1 cxd4 17.Bxd4 Nxe4 18.Nxe4 Nc5 19.Nxc5 Bxc5 20.Bxc5 Qxc5 21.Rd7 b5
22.Rfd1 h6 23.a3 Ra7 24.Rxa7 Qxa7 25.Rd6 a5 26.h3 Qc5 27.Qd2 Kh7 28.Bd1 Rb8
29.b4 axb4 30.axb4 Qa7 31.Bc2 Bxc2 32.Qxc2+ Kg8 33.Qd3 Qc7 34.Rd7 Qc6 35.Qd6 Qxd6
36.Rxd6 Rc8 37.Rb6 Rxc3 38.Rxb5 Rb3 39.h4 g6 40.h5 gxh5 41.Rxh5  1/2-1/2

[Event "18th TCh-CRO w"]
[Site "Sibenik CRO"]
[Date "2009.09.29"]
[Round "9"]
[White "Berke,A"]
[Black "Jelica,M"]
[Result "1/2-1/2"]
[WhiteElo "2139"]
[BlackElo "2242"]

1.e4 d5 2.exd5 Qxd5 3.Nc3 Qd6 4.d4 a6 5.g3 Nf6 6.Bg2 Bg4 7.Nf3 Nc6 8.O-O O-O-O
9.Bf4 Qd7 10.h3 Bxh3 11.Bxh3 Qxh3 12.Ng5 Qf5 13.Nxf7 Rxd4 14.Qe2 Rxf4 15.gxf4 Qg6+
16.Ng5 e5 17.Qd3 Qxd3 18.cxd3 exf4 19.Rac1 h6 20.Nge4 Nd7 21.Nd5 g5 22.d4 Bg7
23.Rfd1 Re8 24.f3 Kb8 25.Nxc7 Kxc7 26.d5 Ne5 27.dxc6 Nxc6 28.b4 Bb2 29.Rc4 Rd8
30.Rb1 Bd4+ 31.Kg2 b5 32.Rc2 Be3 33.a4 Kb7 34.Nc5+ Bxc5 35.Rxc5 Rd2+ 36.Kh3 bxa4
37.b5 axb5 38.Rcxb5+ Kc7 39.Rb7+ Kd6 40.R1b6 Rc2 41.Ra6 Kd5 42.Rxa4 Rc3 43.Rb5+ Kd6
44.Kg2 Rc2+ 45.Kh3 Rc3 46.Kg2 Rd3 47.Ra6 Rc3 48.Rf5 Ke6 49.Rf8 Kd5 50.Rf6 Rc2+
51.Kh3 Rc3 52.Kg4 Rc1 53.Rxh6 Rg1+ 54.Kh5 Nd4  1/2-1/2

[Event "1st Francophone Festival"]
[Site "Arvier ITA"]
[Date "2009.09.30"]
[Round "5"]
[White "Jarraya,Z"]
[Black "Fernandez Lopez,Jo"]
[Result "1-0"]
[WhiteElo "2192"]
[BlackElo "2080"]

1.e4 d5 2.exd5 Qxd5 3.Nc3 Qd6 4.d4 Nf6 5.Bc4 a6 6.Nge2 b5 7.Bb3 Bb7 8.f3 Nbd7
9.Bf4 Qb6 10.a4 e6 11.a5 Qa7 12.Bxc7 Bxf3 13.Bb6 Bxe2 14.Qxe2 Nxb6 15.axb6 Qb8
16.Rxa6 Rxa6 17.Qxb5+ Nd7 18.Qxa6 Qxb6 19.Qxb6 Nxb6 20.O-O Bb4 21.Ne4 h6
22.Ra1 O-O 23.Ra6 Nd5 24.c3 Be7 25.Ra7 Rb8 26.Bxd5 exd5 27.Rxe7 dxe4 28.Rxe4 Rxb2
29.Re8+ Kh7 30.d5  1-0

[Event "1st Francophone Festival"]
[Site "Arvier ITA"]
[Date "2009.10.02"]
[Round "8"]
[White "Saint Amand,P"]
[Black "Fernandez Lopez,Jo"]
[Result "1/2-1/2"]
[WhiteElo "2131"]
[BlackElo "2080"]

1.e4 d5 2.exd5 Qxd5 3.Nc3 Qd6 4.d4 Nf6 5.Bc4 a6 6.Nf3 b5 7.Bb3 Bb7 8.Ne5 e6
9.Bf4 Qd8 10.Bg5 c5 11.dxc5 Qxd1+ 12.Rxd1 Bxc5 13.O-O O-O 14.Rd3 Ne4 15.Be3 Bxe3
16.Rxe3 Nd2 17.Rd1 Nxb3 18.axb3 Nc6 19.Nd7 Rfd8 20.Red3 Bc8 21.Nf6+ gxf6
22.Rxd8+ Nxd8 23.Rxd8+ Kg7 24.b4 Bb7 25.Rxa8 Bxa8 26.f4 e5 27.g3 Kg6 28.Kf2 Kf5
29.fxe5 fxe5 30.b3 h5 31.Ke3 Kg4 32.Kf2 Kf5 33.Ke3 Kg4 34.Kf2 f5  1/2-1/2

[Event "10th Veselin Boskovic Mem"]
[Site "Beograd SRB"]
[Date "2009.10.02"]
[Round "6.2"]
[White "Todorovic,GM"]
[Black "Sedlak,N"]
[Result "0-1"]
[WhiteElo "2450"]
[BlackElo "2571"]

1.e4 d5 2.exd5 Qxd5 3.Nc3 Qd6 4.d4 Nf6 5.Nf3 c6 6.Bd3 Bg4 7.Be3 e6 8.h3 Bh5
9.Qe2 Nbd7 10.O-O-O Qc7 11.Kb1 Bb4 12.Bd2 Bxc3 13.Bxc3 Nd5 14.Bd2 b5 15.g4 Bg6
16.Bxg6 hxg6 17.Ng5 Rf8 18.Rhe1 O-O-O 19.c4 bxc4 20.Qxc4 Kb7 21.Rc1 Rc8 22.Rg1 N7f6
23.Rg3 Nb6 24.Rb3 Rfd8 25.Be3 Rd5 26.f3 Qd7 27.Ne4 Nxe4 28.fxe4 Rb5 29.Qd3 f5
30.Rxb5 cxb5 31.Rd1 Nc4 32.Bf4 e5 33.dxe5 Qxd3+ 34.Rxd3 fxe4 35.Rd7+ Ka6
36.Rxg7 e3 37.Rxg6+ Ka5 38.a3 b4 39.axb4+ Kxb4 40.Rg7 e2 41.Bg3 Nxe5 42.Rxa7 Nf3
43.Rb7+ Kc4 44.Re7 Kd3 45.b4 Rc4 46.Rd7+ Kc3 47.Re7 Rxb4+ 48.Kc1 Kd3 49.Bf2 Re4
50.Rd7+ Kc4  0-1

[Event "FSIMA October"]
[Site "Budapest HUN"]
[Date "2009.10.03"]
[Round "1"]
[White "Rooze,J"]
[Black "Dencsi,T"]
[Result "1/2-1/2"]
[WhiteElo "2253"]
[BlackElo "2338"]

1.e4 d5 2.exd5 Qxd5 3.Nc3 Qd6 4.d4 Nf6 5.Nf3 a6 6.g3 Bg4 7.h3 Bh5 8.Bg2 Nc6
9.O-O O-O-O 10.Be3 e5 11.dxe5 Nxe5 12.Qxd6 Bxd6 13.Nxe5 Bxe5 14.f4 Bxc3 15.bxc3 Be2
16.Rfe1 Bc4 17.Bd4 Rhe8 18.a4 Rxe1+ 19.Rxe1 Re8 20.Rxe8+ Nxe8 21.a5 c6 22.Kf2 Bd5
23.Bf1 Be4 24.Bd3 Bxd3 25.cxd3 Kd7 26.g4 Kd6 27.Ke3 c5 28.Be5+ Kc6 29.c4 f6
30.Bb2 Nd6  1/2-1/2

[Event "IMA"]
[Site "Zdar nad Sazavou CZE"]
[Date "2009.10.03"]
[Round "9"]
[White "Kratochvil,Jo"]
[Black "Heinzel,O"]
[Result "1/2-1/2"]
[WhiteElo "2202"]
[BlackElo "2342"]

1.e4 d5 2.exd5 Qxd5 3.Nc3 Qd6 4.d4 Nf6 5.Nge2 c6 6.Bf4 Qd8 7.Ng3 Nd5 8.Nxd5 cxd5
9.Bd3 Nc6 10.c3 g6 11.Qd2 Bg7 12.Bh6 Bf6 13.O-O Be6 14.Rfe1 Qd7 15.b4 O-O-O
16.a4 Kb8 17.a5 Ka8 18.Bf4 h5 19.Ne2 Bf5 20.Nc1 g5 21.Bxg5 Bxg5 22.Qxg5 Bh3
23.g3 f6 24.Qe3 e5 25.b5 Nb8 26.Nb3 e4 27.Nc5 Qf5 28.Bf1 h4 29.Ra2 Bxf1 30.Rxf1 Nd7
31.f3 hxg3 32.hxg3 Rdg8 33.Rg2 Rh3 34.fxe4 Rh1+ 35.Kxh1 Qxf1+ 36.Qg1 Rh8+  1/2-1/2

[Event "FSGM October"]
[Site "Budapest HUN"]
[Date "2009.10.05"]
[Round "3"]
[White "Erdelyi,Z"]
[Black "Varga,Zo"]
[Result "1/2-1/2"]
[WhiteElo "2380"]
[BlackElo "2481"]

1.e4 d5 2.exd5 Qxd5 3.Nc3 Qd6 4.d4 Nf6 5.Nf3 c6 6.Be2 Bg4 7.Be3 e6 8.Qd2 Qc7
9.a3 Nbd7 10.h3 Bh5 11.g4 Bg6 12.Nh4 Bd6 13.Nxg6 hxg6 14.O-O-O O-O-O  1/2-1/2

[Event "FSIMB October"]
[Site "Budapest HUN"]
[Date "2009.10.09"]
[Round "6"]
[White "Szalanczy,E"]
[Black "Turzo,A"]
[Result "1/2-1/2"]
[WhiteElo "2354"]
[BlackElo "2314"]

1.e4 d5 2.exd5 Qxd5 3.Nc3 Qd6 4.d4 Nf6 5.Nf3 a6 6.Bc4 Nc6 7.Be3 b5 8.Bb3 Na5
9.O-O Bb7 10.Ne5 Nxb3 11.axb3 c5 12.f4 cxd4 13.Qxd4 Qxd4 14.Bxd4 e6 15.f5 Rd8
16.Ne2 exf5 17.Rxf5 Be7 18.c3 O-O 19.b4 Ne4 20.Nd3 Rfe8 21.Nef4 f6 22.Ne6 Bc8
23.Nxd8 Bxf5 24.Nc6 Nxc3 25.Nf4 Bd6 26.bxc3 Bxf4 27.Rxa6 Bd3 28.g3 Bd2 29.h4 h5
30.Ra7 Re1+ 31.Kf2 Kh7 32.Ne7 Rf1+ 33.Kg2 Rc1 34.Rc7 Bf1+ 35.Kf2 Be1+ 36.Kf3  1/2-1/2

[Event "Unive Open"]
[Site "Hoogeveen NED"]
[Date "2009.10.20"]
[Round "5"]
[White "Pijpers,A"]
[Black "Afek,Y"]
[Result "1-0"]
[WhiteElo "2190"]
[BlackElo "2303"]

1.e4 d5 2.exd5 Qxd5 3.Nc3 Qd6 4.d4 Nf6 5.Nf3 g6 6.Nb5 Qd8 7.c4 c6 8.Nc3 Bg7
9.Be2 O-O 10.O-O Bf5 11.Be3 Qc7 12.Qd2 Rd8 13.Rfd1 Ne4 14.Nxe4 Bxe4 15.Bf4 Qd7
16.Ne5 Qe8 17.Qe3 Bf5 18.Qb3 Bc8 19.c5 e6 20.Qg3 Nd7 21.Nc4 Nf6 22.Nd6 Qf8
23.Qh4 Rd7 24.Be5 Ne8 25.Ne4 f6 26.Bd6 Nxd6 27.Nxd6 Rxd6 28.cxd6 Qxd6 29.Qg3 Qxg3
30.hxg3 Bd7 31.f4 Kf7 32.Kf2 Rd8 33.Bc4 Bc8 34.Ke3 Ke7 35.Ke4 h5 36.Rac1 Kd6
37.b4 Bd7 38.Bb3 Be8 39.a4 a5 40.bxa5 Ra8 41.Rc5 Bf8 42.Rb1 Bd7 43.Bc2 Kc7
44.Rc3 Rxa5 45.Rcb3 b5 46.axb5 cxb5 47.Ke3 f5 48.Bd3 b4 49.Bc4 Bd6 50.R3b2 Ra3+
51.Rb3 Ra8 52.R3b2 Kb6 53.Ra2 Rxa2 54.Bxa2 Kb5 55.Bb3 Bc6 56.Bxe6 Bxg2 57.Bf7 Be4
58.Rb2 Be7 59.Bxg6 h4 60.gxh4 Bxh4 61.Bf7 Be1 62.Bb3 Bh4 63.Rh2 Bd8 64.Rh8 Bb6
65.Rf8 Bc7 66.Rf6 Bb6 67.Re6 Bc7 68.Re7 Bd6 69.Re6 Bc7 70.Rf6 Bb6 71.Be6 Bc2
72.Bd7+ Ka5 73.Bxf5 Ba4 74.Bb1 b3 75.f5 Bd8 76.Rf8 Bg5+ 77.Kd3 Kb4 78.d5 Kc5
79.Ke4 Kd6 80.Rb8 Bf6 81.Rb4 Bd7 82.Rxb3 Bd8 83.Rh3 Kc5 84.Rh6 Ba5 85.Ra6 Bc3
86.f6 Be8 87.Kf5 Bf7 88.Ba2  1-0

[Event "Unive Open"]
[Site "Hoogeveen NED"]
[Date "2009.10.22"]
[Round "7"]
[White "Genova,Ly"]
[Black "Mostertman,M"]
[Result "1-0"]
[WhiteElo "2250"]
[BlackElo "2138"]

1.e4 d5 2.exd5 Qxd5 3.Nc3 Qd6 4.d4 Nf6 5.Nf3 c6 6.g3 Bg4 7.Bg2 e6 8.O-O Be7
9.b3 O-O 10.Bb2 Nbd7 11.h3 Bxf3 12.Bxf3 Rfd8 13.Ne2 Qc7 14.c4 Qa5 15.Qc2 Ba3
16.Bc3 Bb4 17.Rad1 Bxc3 18.Nxc3 Nb6 19.Rfe1 Qg5 20.Re5 Qg6 21.Qc1 Rd7 22.h4 h6
23.h5 Qh7 24.Ne4 Rad8 25.Qc3 Kh8 26.Nc5 Rc7 27.Re2 Nbd7 28.Nd3 Qf5 29.Nf4 Nb8
30.Re5 Qh7 31.Qe1 Qc2 32.Re2 Qf5 33.Re5 Qc2 34.Re2 Qf5 35.Qc3 Rcd7 36.Re5 Qh7
37.b4 Na6 38.a4 Nc7 39.b5 cxb5 40.axb5 Nce8 41.c5 b6 42.c6 Rd6 43.Kg2 Nc7
44.Qa3 Qc2 45.Qxa7 Ncd5 46.Nxd5 Nxd5 47.Qxf7 Nc3 48.Rde1 Rxd4 49.c7 Rg8 50.Qxg8+  1-0

[Event "Unive Open"]
[Site "Hoogeveen NED"]
[Date "2009.10.23"]
[Round "8"]
[White "Gruenfeld,Y"]
[Black "Caspi,I"]
[Result "1/2-1/2"]
[WhiteElo "2474"]
[BlackElo "2404"]

1.e4 d5 2.exd5 Qxd5 3.Nc3 Qd6 4.d4 Nf6 5.Nf3 c6 6.Ne5 Nbd7 7.Nc4 Qc7 8.a4 g6
9.Be2 Bg7 10.O-O O-O 11.a5 Nd5 12.Nxd5 cxd5 13.Ne3 Nf6 14.Bd2 Be6 15.Bb4 h5
16.Re1 Bh6 17.Bf3 Rfe8 18.b3 Rac8 19.c3 Qd7 20.Ra2 Nh7 21.h4 Nf6 22.g3 Ng4
23.Nxg4 hxg4 24.Be2 Bf5 25.a6 b6 26.Bd3 e6 27.Qe2 Qc7 28.Kg2 Bf8 29.Bxf8 Kxf8
30.Rc2 Qd6 31.Qe3 Bxd3 32.Qxd3 Qa3 33.Rb1 Rc7 34.Qe2 Rec8 35.Qxg4 Rxc3 36.Rxc3 Rxc3
37.h5 gxh5 38.Qg5 Qe7 39.Qe5 Qc7 40.Qg5 Qe7 41.Qh6+ Ke8 42.Rh1 Kd7 43.Rxh5 Rc7
44.Rh1 b5 45.Qd2 Rc6 46.Qa5 Rb6 47.Rc1 Qd6 48.Rc5 b4 49.Qa4+ Ke7 50.Qa2 Rxa6
51.Qd2 Rc6 52.Qxb4 Rxc5 53.dxc5 Qc6 54.Qh4+ Ke8 55.Qb4 Kd7 56.Qa5 a6 57.f3 e5
58.Qc3 f6 59.Qc2 Ke6 60.g4 d4 61.b4 Qd5 62.Qf5+ Ke7 63.g5 fxg5 64.Qxg5+ Kd7
65.Qf5+ Kc7 66.Qd3 Qa2+ 67.Kg3 Qg8+ 68.Kf2 Qa2+ 69.Kg3 Qg8+ 70.Kf2  1/2-1/2

[Event "8th TCh-Eur w"]
[Site "Novi Sad SRB"]
[Date "2009.10.23"]
[Round "2"]
[White "Bayrak,A"]
[Black "Boric,E"]
[Result "1-0"]
[WhiteElo "2011"]
[BlackElo "2259"]

1.e4 d5 2.exd5 Qxd5 3.Nc3 Qd6 4.d4 a6 5.Nf3 Nf6 6.g3 Bg4 7.h3 Bh5 8.Bg2 Nc6
9.g4 Bg6 10.O-O O-O-O 11.Be3 h5 12.g5 Ne4 13.Qe2 h4 14.Rfd1 e6 15.Ne5 Nxe5
16.Nxe4 Bxe4 17.Bxe4 Nc6 18.c4 f5 19.c5 Qd7 20.Bg2 Ne7 21.Rac1 c6 22.Bf4 Ng6
23.Bh2 Be7 24.f4 Rde8 25.b4 Bd8 26.a4 Bc7 27.Qf2 Ne7 28.b5 axb5 29.axb5 cxb5
30.Qa2 Nd5 31.Qa8+ Bb8 32.c6 Qe7 33.cxb7+ Kd7 34.Qa6 Qd6 35.Qxb5+ Ke7 36.Rc6 Qd7
37.Re1 Kf7 38.g6+ Kf8 39.Bxd5 exd5  1-0

[Event "Chigorin Mem Open"]
[Site "St Petersburg RUS"]
[Date "2009.10.23"]
[Round "8"]
[White "Badmatsyrenov,O"]
[Black "Ulanov,A"]
[Result "1-0"]
[WhiteElo "2437"]
[BlackElo "2312"]

1.e4 d5 2.exd5 Qxd5 3.Nc3 Qd6 4.d4 Nf6 5.Bc4 a6 6.Nge2 b5 7.Bf4 Qc6 8.Bb3 Qxg2
9.Rg1 Qb7 10.Qd2 c6 11.O-O-O Nbd7 12.Ng3 a5 13.d5 a4 14.dxc6 Qxc6 15.Bd5 Nxd5
16.Nxd5 e5 17.Be3 f6 18.f4 Kf7 19.f5 Nc5 20.Qe2 g6 21.fxg6+ hxg6 22.Rgf1 f5
23.Bxc5 Bxc5 24.Qxe5 Re8 25.Qc7+ Qxc7 26.Nxc7 Be6 27.Ne4 Rac8 28.Nxe8 Kxe8
29.Nd6+ Bxd6 30.Rxd6 Kf7 31.Rb6 Rc5 32.b3 axb3 33.axb3 Bxb3 34.Kb2 Bd5 35.Ra1 Be6
36.Re1 Bc4 37.Ra1 Be6 38.Raa6 Re5 39.Kc3 f4 40.Kd4 Re2 41.Rxb5 Rxc2 42.h4 f3
43.Rb7+ Kf6 44.Rb3 f2 45.Rf3+ Ke7 46.Ke3 Bc4 47.Ra7+ Ke6 48.Rxf2 Rxf2 49.Kxf2 Bd3
50.Ke3 Bc4 51.Kf4 Kf6 52.Rb7 Bd3 53.Rb6+ Kg7 54.Kg5 Bc2 55.Rc6 Bb1 56.Rc7+ Kg8
57.Kh6 Bd3 58.Rc3 Bb1 59.Rg3 Kf7 60.Rg5 Bd3 61.Kh7 Kf6 62.Kg8 Be4 63.Kf8 Bd3
64.Rg1 Bc4 65.Rg2 Bd3 66.Rf2+ Bf5 67.Rf1 g5 68.h5 Ke5 69.Kg7 g4 70.Kh6 Bd3
71.Rd1  1-0

[Event "Arco Open A"]
[Site "Arco ITA"]
[Date "2009.10.24"]
[Round "8"]
[White "Burani,E"]
[Black "Giancotti,E"]
[Result "0-1"]
[WhiteElo "1948"]
[BlackElo "2109"]

1.e4 d5 2.exd5 Qxd5 3.Nc3 Qd6 4.d4 Nf6 5.g3 Bg4 6.Be2 Bxe2 7.Ngxe2 Na6 8.O-O O-O-O
9.Bf4 Qd7 10.Qd3 Qh3 11.Qf3 Qf5 12.Qg2 g5 13.Be5 Rg8 14.Bxf6 Qxf6 15.Ne4 Qb6
16.Qh3+ e6 17.Qxh7 Rg7 18.Qh6 Qb5 19.N2c3 Qxb2 20.Qf6 Qb4 21.d5 Qe7 22.Qxe7 Bxe7
23.dxe6 f5 24.Nxg5 Bxg5 25.Rad1 Rxd1 26.Rxd1 c6 27.f4 Bxf4  0-1

[Event "4NCL 2009-10"]
[Site "Sunningdale ENG"]
[Date "2009.10.24"]
[Round "1"]
[White "Farrand,T"]
[Black "Zeidler,S"]
[Result "0-1"]
[WhiteElo "2278"]
[BlackElo "2221"]

1.e4 d5 2.exd5 Qxd5 3.Nc3 Qd6 4.Nf3 Nf6 5.d4 c6 6.Be2 Bg4 7.h3 Bxf3 8.Bxf3 e6
9.O-O Nbd7 10.Bg5 Be7 11.Bh4 Nb6 12.Ne2 Rd8 13.c3 Qc7 14.Qc2 Nbd5 15.Rfe1 O-O
16.Rad1 Rd7 17.c4 Nb6 18.Bg3 Qd8 19.Be5 Ne8 20.Nf4 Bf6 21.Nd3 Bxe5 22.dxe5 Qe7
23.b4 Rd4 24.Re4 Rxe4 25.Bxe4 g6 26.Nc5 Ng7 27.a4 a5 28.bxa5 Qxc5 29.axb6 Qxb6
30.c5 Qc7 31.Qb2 Nf5 32.Bxf5 exf5 33.Qd4 Re8 34.Qd6 Qe7 35.f4 Kf8 36.a5 Ra8
37.Rb1 Rxa5 38.Rxb7 Qxd6 39.cxd6 Rd5  0-1

[Event "17th TCh-Eur"]
[Site "Novi Sad SRB"]
[Date "2009.10.25"]
[Round "4"]
[White "Erdogdu,M"]
[Black "Djukic,Ni"]
[Result "1/2-1/2"]
[WhiteElo "2467"]
[BlackElo "2503"]

1.e4 d5 2.exd5 Qxd5 3.Nc3 Qd8 4.d4 Nf6 5.Nf3 Bg4 6.h3 Bxf3 7.Qxf3 c6 8.Be3 e6
9.O-O-O Bb4 10.Ne4 Nxe4 11.Qxe4 Qd5 12.Qxd5 cxd5 13.c4 dxc4 14.Bxc4 Nd7 15.Bb3 Bd6
16.f4 O-O 17.Rhf1 Rae8 18.Bd2 Nb6 19.f5 exf5 20.Rxf5 g6 21.Rf6 Be7 22.Rf3 Kg7
23.Re1 f5 24.Rfe3 Rc8+ 25.Kb1 Bg5 26.Re7+ Bxe7 27.Rxe7+ Kf6 28.Re6+ Kg7 29.Re7+ Kf6
30.Rxb7 Nc4 31.Bc3 a5 32.Rxh7 Na3+ 33.Kc1 Nb5 34.Kd2 Kg5 35.Bxa5 Nxd4 36.Bd1 Ne6
37.Bf3 Rc5 38.Bc3 Rd8+ 39.Ke3 f4+ 40.Ke4 Rxc3 41.h4+ Kf6 42.bxc3 Ra8 43.Kd5 Rxa2
44.Rb7 g5 45.Rh7 Rd2+ 46.Kc4 g4 47.Bxg4 Rxg2 48.Rh6+ Kg7 49.Rxe6 Rxg4 50.Kd3 Rxh4
51.Ke4 Rh3 52.Kxf4 Rxc3 53.Re3 Rxe3  1/2-1/2

[Event "TCh-SLO East 1st League"]
[Site "Sentjur SLO"]
[Date "2009.10.25"]
[Round "4"]
[White "Sorcnik,F"]
[Black "Gerencer,J"]
[Result "1/2-1/2"]
[WhiteElo "2125"]
[BlackElo "2108"]

1.e4 d5 2.exd5 Qxd5 3.Nc3 Qd6 4.Nf3 Nf6 5.Be2 c6 6.O-O g6 7.b3 Bg7 8.Bb2 O-O
9.d3 Bg4 10.Nd2 Bxe2 11.Qxe2  1/2-1/2

[Event "17th TCh-Eur"]
[Site "Novi Sad SRB"]
[Date "2009.10.27"]
[Round "6"]
[White "Pavasovic,D"]
[Black "Karttunen,M"]
[Result "1-0"]
[WhiteElo "2602"]
[BlackElo "2426"]

1.e4 d5 2.exd5 Qxd5 3.Nc3 Qd6 4.d4 Nf6 5.Nf3 Bg4 6.h3 Bxf3 7.Qxf3 c6 8.Be3 Nbd7
9.Be2 e6 10.O-O Be7 11.Rfd1 O-O 12.Bf4 Qb4 13.a3 Qa5 14.b4 Qd8 15.Qg3 Rc8
16.Be5 a5 17.Ne4 axb4 18.axb4 Bxb4 19.Nxf6+ Nxf6 20.Rab1 Be7 21.Rxb7 Ne8
22.Ra1 Bh4 23.Qg4 Bf6 24.Rba7 Bxe5 25.dxe5 Rc7 26.Bf3 Rxa7 27.Rxa7 Qd2 28.Qe4 c5
29.Re7 g6 30.g4 Ng7 31.Rc7 Qc3 32.Kg2 Rd8 33.Qf4 Rf8 34.Qe4 Rd8 35.Be2 Ne8
36.Ra7 Qd4 37.Qf3 Rd7 38.Ra8 Rd8 39.Ra7 Rd7 40.Ra8 Rd8 41.Bb5 Ng7 42.c3 Qd2
43.Bd3 Qg5 44.Qe3 Qe7 45.Rxd8+ Qxd8 46.Qxc5 Nh5 47.gxh5 Qxd3 48.h6 Qd8 49.Kh2 f6  1-0

[Event "Open"]
[Site "Liberec CZE"]
[Date "2009.10.28"]
[Round "6"]
[White "Zeberski,J"]
[Black "Heinzel,O"]
[Result "1/2-1/2"]
[WhiteElo "2400"]
[BlackElo "2341"]

1.e4 d5 2.exd5 Qxd5 3.Nc3 Qd6 4.d4 Nf6 5.Nf3 c6 6.Ne5 Nbd7 7.Bf4 Nd5 8.Nxd5 Qxd5
9.Nf3 Nb6 10.Be2 Bg4  1/2-1/2

[Event "17th TCh-Eur"]
[Site "Novi Sad SRB"]
[Date "2009.10.28"]
[Round "7"]
[White "Docx,S"]
[Black "Bosiocic,Mari"]
[Result "1/2-1/2"]
[WhiteElo "2384"]
[BlackElo "2571"]

1.e4 d5 2.exd5 Qxd5 3.Nc3 Qd6 4.d4 Nf6 5.Nf3 c6 6.Ne5 Nbd7 7.Bf4 Nd5 8.Nxd5 Nxe5
9.Ne3 Nd3+ 10.Qxd3 Qxf4 11.d5 e6 12.dxc6 bxc6 13.g3 Qc7 14.Bg2 Bb4+ 15.c3 Be7
16.Qc2 Bd7 17.Rd1 Rc8 18.O-O O-O 19.Rfe1 Rfd8 20.Nf5 Bf8 21.Nd4 Qb6 22.b3 c5
23.Nf3 Be8 24.Ne5 g6 25.Qe4 Qa5 26.Qc2 Bb5 27.Rxd8 Rxd8 28.Re3 Qc7 29.Nc4 Qd7
30.Bf3 Bh6 31.Re5 Qe7 32.a4 Bd7 33.Kg2 Bg7 34.Re3  1/2-1/2

[Event "Corsica Masters"]
[Site "Bastia FRA"]
[Date "2009.10.29"]
[Round "7"]
[White "Guliyev,N"]
[Black "Caspi,I"]
[Result "1-0"]
[WhiteElo "2525"]
[BlackElo "2404"]

1.e4 d5 2.exd5 Qxd5 3.Nc3 Qd6 4.d4 Nf6 5.Nf3 c6 6.g3 Bg4 7.Bg2 e6 8.O-O Be7
9.Bf4 Qd8 10.h3 Bh5 11.g4 Bg6 12.Ne5 Nbd7 13.Qe2 Nxe5 14.dxe5 Nd7 15.Rad1 Qc7
16.Bg3 h5 17.Be4 Bxe4 18.Nxe4 O-O-O 19.Nd6+ Bxd6 20.Rxd6 hxg4 21.Qxg4 Nb6
22.Rfd1 g6 23.c4 Rxd6 24.Rxd6 Kb8 25.Bh4 Nc8 26.Bf6 Rf8 27.Rd3 Ne7 28.Qd1 Kc8
29.b4 Rd8 30.Rd6 Rd7 31.Bxe7 Rxe7 32.Qd4 Rd7 33.c5 Qd8 34.h4 a6 35.Kg2 Qe7
36.Kg3 Rc7 37.Qf4 Qe8 38.Qf6 Qg8 39.Qg5 Qh8 40.Kf4 Rd7 41.Ke3 Kc7 42.Qf4 Qg7
43.Qd4 Qh6+ 44.f4 Rxd6 45.cxd6+ Kd7 46.Qb6  1-0

[Event "24th GP Open A"]
[Site "Le Touquet FRA"]
[Date "2009.10.29"]
[Round "8"]
[White "Vovk,A"]
[Black "Pytel,K"]
[Result "1-0"]
[WhiteElo "2512"]
[BlackElo "2380"]

1.e4 d5 2.exd5 Qxd5 3.Nc3 Qd6 4.d4 Nf6 5.Nf3 c6 6.Ne5 Nbd7 7.Nc4 Qc7 8.a4 Nb6
9.Ne5 a5 10.Qf3 Be6 11.Bf4 Qc8 12.h3 g6 13.Bd3 Bg7 14.O-O O-O 15.Rfe1 Nbd5
16.Bh2 Nb4 17.Re2 Nxd3 18.Nxd3 Nd7 19.Nf4 Bxd4 20.Nxe6 fxe6 21.Qg4 e5 22.Qe6+ Rf7
23.Ne4 Nc5 24.Nxc5 Bxc5 25.Qc4 Bd6 26.f3 Qc7 27.Kh1 Qb6 28.c3 Qa6 29.Qe4 Rf5
30.Rd1 Raf8 31.Qc2 Qc4 32.Re4 Qf7 33.Rd3 Qe6 34.Rde3 R8f7 35.c4 b6 36.Qe2 Qd7
37.Bxe5 Rxe5 38.Rxe5 Bxe5 39.Rxe5 Kf8 40.c5 bxc5 41.Rxc5 Rf5 42.Rxf5+ gxf5
43.Qe1 Qd5 44.f4 Qd4 45.Qxa5 Qxf4 46.Qa8+ Kf7 47.Qxc6 Qd2 48.Qc4+ e6 49.Qc7+ Kg6
50.Qe5 Qd1+ 51.Kh2 Qxa4 52.Qxe6+ Kg5 53.Qe7+ Kg6 54.b4 h6 55.Qe6+ Kg5 56.h4+ Kxh4
57.Qxf5 Qa2 58.b5 Qd2 59.Qg6 h5 60.Qg3+  1-0